Thiết kế thời trang nam

Sách gồm 2 phần trình bày đặc điểm hình thể của nam giới, cách lấy số đo, thiết kế quy cách, nguyên mẫu trang phục nam và nguyên lý thiết kế kết cấu cho các bộ phận của trang phục, các trọng điểm trong kỹ thuật may ráp áo comple, áo gilê, a...

Descripción completa

Guardado en:
Detalles Bibliográficos
Autor principal: Ngọc Hà
Formato: Libro
Lenguaje:Undetermined
Publicado: Hà Nội Văn hóa Thông tin 2012
Materias:
Etiquetas: Agregar Etiqueta
Sin Etiquetas, Sea el primero en etiquetar este registro!
Thư viện lưu trữ: Trung tâm Học liệu Trường Đại học Cần Thơ
LEADER 00908nam a2200205Ia 4500
001 CTU_204011
008 210402s9999 xx 000 0 und d
020 |c 95000 
082 |a 687.141 
082 |b Ng419 
100 |a Ngọc Hà 
245 0 |a Thiết kế thời trang nam 
245 0 |c Ngọc Hà 
260 |a Hà Nội 
260 |b Văn hóa Thông tin 
260 |c 2012 
520 |a Sách gồm 2 phần trình bày đặc điểm hình thể của nam giới, cách lấy số đo, thiết kế quy cách, nguyên mẫu trang phục nam và nguyên lý thiết kế kết cấu cho các bộ phận của trang phục, các trọng điểm trong kỹ thuật may ráp áo comple, áo gilê, áo khoác,... 
650 |a Tailoring,Nghề may 
904 |i Hải 
980 |a Trung tâm Học liệu Trường Đại học Cần Thơ